000
00326nam a2200133Ia 4500
008
240624s9999 xx 000 0 und d
041
_a
eng
082
_a
658.46 GEN
100
_a
GENDELMAN JOEL
245
_a
CONSULTING BASICS
260
_c
2010
_a
Virginia
_b
ASTD Press
300
_a
xi, : 163 : p. : cm. ; 24
365
_c
_b
25
999
_c
16715
_d
16715